新潟県の市町村(1968年) - Statistics

General Stats
  • This quiz has been taken 19 times
  • The average score is 47 of 114
Answer Stats
コード 市町村 備考 % Correct
15201 新潟市 2007年政令指定
100%
15202 長岡市
100%
15207 新津市 2005年消滅
79%
15216 糸魚川市
79%
15203 高田市 1971年消滅
71%
15204 三条市
71%
15205 柏崎市
71%
15206 新発田市
71%
15211 見附市
71%
15212 村上市
71%
15213 燕市
71%
15217 新井市 2005年改称
71%
15209 加茂市
64%
15210 十日町市
64%
15218 五泉市
64%
15208 小千谷市
57%
15214 直江津市 1971年消滅
57%
15215 栃尾市 2006年消滅
57%
15219 両津市 2004年消滅
57%
15220 白根市 2005年消滅
50%
15342 西蒲原郡弥彦村
50%
15345 西蒲原郡巻町 2005年消滅
50%
15601 佐渡郡相川町 2004年消滅
50%
15602 佐渡郡佐和田町 2004年消滅
50%
15604 佐渡郡新穂村 2004年消滅
50%
15607 佐渡郡小木町 2004年消滅
50%
15303 北蒲原郡水原町 2004年消滅
43%
15343 西蒲原郡分水町 2006年消滅
43%
15344 西蒲原郡吉田町 2006年消滅
43%
15347 西蒲原郡黒埼村 1973年昇格
43%
15349 西蒲原郡潟東村 2005年消滅
43%
15381 東蒲原郡津川町 2005年消滅
43%
15402 三島郡三島町 2005年消滅
43%
15403 三島郡与板町 2006年消滅
43%
15405 三島郡出雲崎町
43%
15441 北魚沼郡川口町 2010年消滅
43%
15442 北魚沼郡堀之内町 2004年消滅
43%
15443 北魚沼郡小出町 2004年消滅
43%
15461 南魚沼郡湯沢町
43%
15462 南魚沼郡塩沢町 2005年消滅
43%
15504 刈羽郡刈羽村
43%
15608 佐渡郡羽茂町 2004年消滅
43%
15609 佐渡郡赤泊村 2004年消滅
43%
15301 北蒲原郡安田町 2004年消滅
36%
15302 北蒲原郡京ヶ瀬村 2004年消滅
36%
15304 北蒲原郡笹神村 2004年消滅
36%
15307 北蒲原郡聖籠村 1977年昇格
36%
15309 北蒲原郡紫雲寺町 2005年消滅
36%
15310 北蒲原郡中条町 2005年消滅
36%
15311 北蒲原郡黒川村 2005年消滅
36%
15341 西蒲原郡岩室村 2005年消滅
36%
15348 西蒲原郡味方村 2005年消滅
36%
15361 南蒲原郡田上村 1973年昇格
36%
15362 南蒲原郡下田村 2005年消滅
36%
15363 南蒲原郡栄村 1981年昇格
36%
15382 東蒲原郡鹿瀬町 2005年消滅
36%
15383 東蒲原郡上川村 2005年消滅
36%
15384 東蒲原郡三川村 2005年消滅
36%
15404 三島郡和島村 2006年消滅
36%
15421 古志郡山古志村 2005年消滅
36%
15444 北魚沼郡湯之谷村 2004年消滅
36%
15445 北魚沼郡広神村 2004年消滅
36%
15446 北魚沼郡守門村 2004年消滅
36%
15447 北魚沼郡入広瀬村 2004年消滅
36%
15463 南魚沼郡六日町 2004年消滅
36%
15464 南魚沼郡大和町 2004年消滅
36%
15481 中魚沼郡川西町 2005年消滅
36%
15482 中魚沼郡津南町
36%
15483 中魚沼郡中里村 2005年消滅
36%
15501 刈羽郡高柳町 2005年消滅
36%
15502 刈羽郡小国町 2005年消滅
36%
15505 刈羽郡西山町 2005年消滅
36%
15581 岩船郡関川村
36%
15582 岩船郡荒川町 2008年消滅
36%
15583 岩船郡神林村 2008年消滅
36%
15584 岩船郡朝日村 2008年消滅
36%
15585 岩船郡山北町 2008年消滅
36%
15586 岩船郡粟島浦村
36%
15603 佐渡郡金井町 2004年消滅
36%
15605 佐渡郡畑野町 2004年消滅
36%
15606 佐渡郡真野町 2004年消滅
36%
15305 北蒲原郡豊栄町 1970年昇格
29%
15308 北蒲原郡加治川村 2005年消滅
29%
15324 中蒲原郡亀田町 2005年消滅
29%
15346 西蒲原郡西川町 2005年消滅
29%
15350 西蒲原郡月潟村 2005年消滅
29%
15351 西蒲原郡中之口村 2005年消滅
29%
15364 南蒲原郡中之島村 1986年昇格
29%
15401 三島郡越路町 2005年消滅
29%
15406 三島郡寺泊町 2006年消滅
29%
15521 東頸城郡安塚町 2005年消滅
29%
15522 東頸城郡浦川原村 2005年消滅
29%
15523 東頸城郡松代町 2005年消滅
29%
15524 東頸城郡松之山町 2005年消滅
29%
15525 東頸城郡大島村 2005年消滅
29%
15526 東頸城郡牧村 2005年消滅
29%
15541 中頸城郡柿崎町 2005年消滅
29%
15542 中頸城郡大潟町 2005年消滅
29%
15543 中頸城郡頸城村 2005年消滅
29%
15544 中頸城郡吉川町 2005年消滅
29%
15546 中頸城郡中郷村 2005年消滅
29%
15547 中頸城郡妙高村 2005年消滅
29%
15548 中頸城郡板倉町 2005年消滅
29%
15549 中頸城郡清里村 2005年消滅
29%
15550 中頸城郡三和村 2005年消滅
29%
15561 西頸城郡名立町 2005年消滅
29%
15562 西頸城郡能生町 2005年消滅
29%
15563 西頸城郡青海町 2005年消滅
29%
15306 北蒲原郡豊浦村 1973年昇格
21%
15321 中蒲原郡小須戸町 2005年消滅
21%
15322 中蒲原郡村松町 2006年消滅
21%
15323 中蒲原郡横越村 1996年昇格
21%
15503 刈羽郡北条町 1971年消滅
21%
15545 中頸城郡妙高々原町 1969年改称
21%
No matching quizzes found
Score Distribution
Percent of People with Each Score
Percentile by Number Answered
Your Score History
You have not taken this quiz